[Event "WY GU16 2012"]
[Site "Maribor SLO"]
[Date "2012.11.10"]
[Round "3.44"]
[White "Mendez Tovar,Rosario Trin"]
[Black "Leonardi,Caterina"]
[Result "0-1"]
[WhiteElo "1608"]
[BlackElo "1869"]

1.d4 d5 2.c4 c6 3.Nc3 Nf6 4.Nf3 a6 5.cxd5 cxd5 6.Bg5 e6 7.e3 Be7 8.Bd3 Nbd7
9.O-O O-O 10.Qc2 h6 11.Bh4 b5 12.Ne5 Bb7 13.a3 Nxe5 14.dxe5 Ng4 15.Bg3 Bh4
16.Bf4 d4 17.Rad1 f5 18.exf6 Qxf6 19.Ne4 Bxe4 20.Bxe4 Rac8 21.Qe2 dxe3 22.fxe3 Ne5
23.Bg3 Qg5 24.Bxe5 Qxe5 25.Bb7 Rcd8 26.Rxd8 Rxd8 27.Bxa6 Rb8 28.Rc1 Bg5 29.Rc3 Bf4
30.g3 Bxg3 31.hxg3 Qxg3+ 32.Qg2 Qe1+ 33.Kh2 Qh4+ 34.Kg1 Qe1+ 35.Qf1 Qg3+
36.Kh1 Qh4+ 37.Kg2 Qg4+ 38.Kh2 Qh4+ 39.Qh3 Qf2+ 40.Qg2 Qh4+ 41.Qh3 Qf2+ 42.Kh1 Qe1+
43.Kg2 Qd2+ 44.Kg3 Qd6+ 45.Kg2 Qxa6 46.Qg3 Rc8 47.Rb3 Qc6+ 48.Kh3 Qh1+ 49.Qh2 Qxh2+
50.Kxh2 Rc5 51.Rb4 Re5 52.e4 Rc5 53.Kg3 h5 54.Kh4 Kh7 55.a4 bxa4 56.Rxa4 Rb5
57.b4 Re5 58.Ra6 Kg6 59.b5 Rxe4+ 60.Kg3 Kf5 61.Ra8 Re3+ 62.Kh4 g5+  0-1

[Event "Brno Open 2012"]
[Site "Brno CZE"]
[Date "2012.11.13"]
[Round "4"]
[White "Strebkovs,A"]
[Black "Chladek,Va"]
[Result "1/2-1/2"]
[WhiteElo "2318"]
[BlackElo "2020"]

1.d4 d5 2.Nf3 Nf6 3.c4 c6 4.Nc3 a6 5.a4 Bf5 6.Qb3 Ra7 7.a5 dxc4 8.Qxc4 e6
9.Nh4 Be4 10.Nxe4 Nxe4 11.Nf3 Qd5 12.e3 Nd7 13.Bd3 Qxc4 14.Bxc4 Bb4+ 15.Ke2 Ke7
16.Bd3 Ndf6 17.Ne5 Nd6 18.Ra4 c5 19.dxc5 Bxc5 20.b4 Nb5 21.Bb2 Ne4 22.Rc1 Bd6
23.Nc4 Rc8 24.Nxd6 Rxc1 25.Bxc1 Nexd6 26.Bd2 Ra8 27.e4 Nc7 28.Be3 Ncb5 29.Ra1 e5
30.Bc5 Ke6 31.Ke3 f5 32.exf5+ Nxf5+ 33.Kf3 Nbd4+ 34.Kg4 Nh6+ 35.Kh3 Rd8 36.Be4 Ne2
37.g3 Rd7 38.Bxh7 Nf7 39.Bg8 Rd8 40.Bxf7+ Kxf7 41.Re1 Rd2 42.Kg4 Kf6 43.h4 Nd4
44.Rf1 Nc6 45.Rb1 Rc2 46.f4 Rc4 47.Bd6 Ke6 48.Bf8 exf4 49.gxf4 Ne5+ 50.Kg3 Rc3+
51.Kf2 Rf3+ 52.Ke2 Rxf4 53.Bxg7 Rxh4  1/2-1/2

[Event "Brno Open 2012"]
[Site "Brno CZE"]
[Date "2012.11.14"]
[Round "5"]
[White "Snorek,M"]
[Black "Richterova,Natasa"]
[Result "1/2-1/2"]
[WhiteElo "2173"]
[BlackElo "1945"]

1.d4 Nf6 2.Nf3 d5 3.c4 c6 4.Nc3 a6 5.cxd5 cxd5 6.Bf4 Nc6 7.e3 Bf5 8.Bd3 Bxd3
9.Qxd3 e6 10.O-O Bd6 11.Rac1 O-O 12.a3 Na5 13.Bxd6 Qxd6 14.Ne5 b5 15.f4 Nc4
16.Rf2 Rac8 17.g4 Qe7 18.g5 Nxe5 19.dxe5 Ne4 20.Rfc2 Nxc3 21.Rxc3 Rc4 22.b3 Rxc3
23.Qxc3 Qxa3 24.Ra1 b4 25.Rxa3 bxc3 26.Rxa6 Rc8 27.Ra1 f6 28.gxf6 gxf6 29.exf6 Kf7
30.Rc1 Kxf6 31.Kf2 Kf5 32.Kf3 c2 33.b4 Rc3 34.Ke2 Ke4 35.Kd2 Rxe3 36.Kxc2 Kxf4
37.b5 Ra3 38.b6 Ra8 39.b7 Rb8 40.Rb1 Ke5 41.Rb6 d4 42.Kd3 Kd5 43.h3 h6 44.h4 e5
45.Rb5+ Kc6  1/2-1/2

[Event "Brno Open 2012"]
[Site "Brno CZE"]
[Date "2012.11.15"]
[Round "7"]
[White "Paseka,C"]
[Black "Glacner,K"]
[Result "1-0"]
[WhiteElo "1717"]
[BlackElo "1600"]

1.d4 d5 2.Nf3 Nf6 3.c4 c6 4.Nc3 a6 5.e3 Bf5 6.Nh4 Qc8 7.Nxf5 Qxf5 8.Bd3 Qc8
9.O-O e6 10.c5 Nbd7 11.Qc2 Be7 12.Bd2 Bd8 13.a3 Bc7 14.f4 Bb8 15.b4 Nf8 16.Na4 Qc7
17.Rac1 N8d7 18.Be1 g5 19.g3 g4 20.Bc3 h5 21.Rce1 Ba7 22.e4 h4 23.e5 Nh5
24.Kg2 Qd8 25.f5 Nxg3 26.hxg3 hxg3 27.Rh1 Rh3 28.f6 Qc7 29.Rxh3 gxh3+ 30.Kxh3 O-O-O
31.Kg2 Rh8 32.Rh1 Rh2+ 33.Rxh2 gxh2 34.Kh1 Bb8 35.Qxh2 Qd8 36.Nb6+ Nxb6 37.cxb6 Qxb6
38.Qh8+ Qd8 39.Qxd8+ Kxd8 40.Kg2 Ba7 41.Kf3 Ke8 42.Kg4 Kf8 43.Kh5 Kg8 44.Kh6 b5
45.a4 Bb6 46.a5 Ba7 47.Be2 Bb8 48.Bg4 Bc7 49.Bd2 Bb8 50.Bxe6 fxe6 51.Kg6 Ba7
52.f7+  1-0

[Event "11th Kheireddine Ameyar Mem 2012"]
[Site "Algiers ALG"]
[Date "2012.11.16"]
[Round "2.1"]
[White "Kaabi,M"]
[Black "Volkov,Sergey1"]
[Result "0-1"]
[WhiteElo "2363"]
[BlackElo "2577"]

1.d4 d5 2.Nf3 Nf6 3.c4 c6 4.Nc3 a6 5.a4 e6 6.Bg5 a5 7.e3 Be7 8.Bd3 Na6 9.O-O Nb4
10.Rc1 O-O 11.Re1 b6 12.Ne5 Nd7 13.Nxd7 Bxd7 14.Bxe7 Qxe7 15.e4 c5 16.exd5 cxd4
17.dxe6 Bxe6 18.Nd5 Qc5 19.Nxb4 Qxb4 20.Qh5 g6 21.Qb5 Qc5 22.Re5 Qd6 23.Rce1 Rfc8
24.h4 Rc5 25.Rxc5 bxc5 26.Re2 Bd7 27.Qb7 Rb8 28.Qa7 Rb3 29.Rd2 Bxa4 30.Qxa5 Bc6
31.Bf1 Kg7 32.h5 gxh5 33.Qa2 Qb8 34.Qb1 Rb6 35.b3 Bf3 36.Qc1 Be4 37.Qd1 h4
38.f3 Bg6 39.Kh1 Rxb3 40.Rxd4 cxd4  0-1

[Event "TCh-AUT 2 East 2012-13"]
[Site "Austria AUT"]
[Date "2012.11.17"]
[Round "3.2"]
[White "Vass,Frant2"]
[Black "Ganaus,H"]
[Result "1-0"]
[WhiteElo "2292"]
[BlackElo "2331"]

1.d4 d5 2.Nf3 Nf6 3.c4 c6 4.Nc3 a6 5.cxd5 cxd5 6.g3 Nc6 7.Bg2 Bf5 8.O-O e6
9.Nh4 Bg6 10.Nxg6 hxg6 11.e4 dxe4 12.Nxe4 Be7 13.Nxf6+ Bxf6 14.d5 exd5 15.Re1+ Kf8
16.Bxd5 Rh5 17.Bg2 Qxd1 18.Rxd1 Rb5 19.Rb1 Rd8 20.Rxd8+ Nxd8 21.b3 Re5 22.Be3 Bg5
23.Bb6 Rb5 24.Bd4 Ne6 25.a4 Rf5 26.Bc3 Be7 27.Bxb7 Nc5 28.Bg2 Bf6 29.Bxf6 Rxf6
30.Bd5 Nd3 31.Bc4 Ne5 32.Be2 g5 33.h3 Nf3+ 34.Kg2 Nd4 35.Bc4 a5 36.Re1 Rf5
37.Rd1 Ne6 38.Rd7 g6 39.Bxe6 fxe6 40.Rb7 Ke8 41.g4 Rd5 42.Rg7 Kf8 43.Rxg6 Kf7
44.Rh6 Rd3 45.Rh7+ Kf6 46.Rb7 Ke5 47.Rb5+ Kf4 48.Rxa5 Rxb3 49.Ra8 Ra3 50.a5 e5
51.a6 Ra2 52.a7 Ke4 53.h4 gxh4 54.g5 Ra3 55.g6 Ra6 56.Kh3 Ra1 57.Kxh4  1-0

[Event "VIII Governor's Cup"]
[Site "Khanty-Mansiysk RUS"]
[Date "2012.11.17"]
[Round "3.15"]
[White "Ovod,E"]
[Black "Iskusnyh,S"]
[Result "0-1"]
[WhiteElo "2384"]
[BlackElo "2495"]

1.d4 d5 2.c4 c6 3.Nf3 Nf6 4.Nc3 a6 5.e3 e6 6.Ne5 c5 7.g3 Nbd7 8.Bg2 dxc4
9.Nxc4 Qc7 10.d5 exd5 11.Nxd5 Nxd5 12.Qxd5 Be7 13.Bd2 Nb6 14.Nxb6 Qxb6 15.Bc3 O-O
16.O-O a5 17.f4 Rd8 18.Qb3 Qa6 19.a4 Rd3 20.e4 Be6 21.Qc2 Rad8 22.f5 Bc4
23.f6 Bxf6 24.Bxf6 gxf6 25.Rac1 R3d4 26.Rf5 Be6 27.Bf1 c4 28.Rf2 Qd6 29.Rxf6 Rd2
30.Qc3 Qb6+ 31.Kh1 Qxb2 32.Rf3 Rxh2+ 33.Kg1 Rdd2 34.Qxb2 Rxb2 35.Bxc4 Rbg2+
36.Kf1 Bh3 37.Ke1 Rg1+ 38.Bf1 Rhh1 39.Ke2 Bg4 40.Ke3 Bxf3 41.Rc8+ Kg7 42.Bc4 Bh5
43.Kf4 Rc1  0-1

[Event "WY BU18 2012"]
[Site "Maribor SLO"]
[Date "2012.11.17"]
[Round "10.27"]
[White "Verstraeten,R"]
[Black "Petrosyan,T1"]
[Result "1/2-1/2"]
[WhiteElo "2211"]
[BlackElo "2378"]

1.d4 d5 2.c4 c6 3.Nf3 Nf6 4.Nc3 a6 5.h3 dxc4 6.a4 e6 7.e3 c5 8.Bxc4 Nc6 9.O-O cxd4
10.exd4 Be7 11.d5 exd5 12.Nxd5 Nxd5 13.Bxd5 O-O 14.Qb3 Nb4 15.Bc4 Bf5 16.Rd1 Qa5
17.Nd4 Bg6 18.Be3 Rac8 19.Rac1 Rfd8 20.f4 b5 21.axb5 axb5 22.Nxb5 Rxd1+ 23.Qxd1 Nc2
24.Rxc2 Bxc2 25.Qxc2 Qxb5 26.Bxf7+ Kxf7 27.Qxc8 Qxb2 28.Qf5+ Kg8 29.Qe6+ Kf8
30.Kh2 Qf6 31.Qe4 Bd6 32.g4 g5 33.Kg3 h6 34.Qa8+ Kg7 35.Qb7+ Kh8 36.Qe4 Bxf4+  1/2-1/2

[Event "TCh-HUN 2012-13"]
[Site "Dunaharaszti HUN"]
[Date "2012.11.18"]
[Round "4"]
[White "Popovics,A"]
[Black "Acs,Peter"]
[Result "1-0"]
[WhiteElo "2423"]
[BlackElo "2586"]

1.d4 d5 2.c4 c6 3.Nc3 Nf6 4.Nf3 a6 5.c5 Bf5 6.Qb3 Qc8 7.Bf4 Nbd7 8.h3 e6
9.e3 Be7 10.Be2 Ne4 11.Ne5 O-O 12.Nxe4 Bxe4 13.f3 Bg6 14.Nxg6 hxg6 15.h4 Re8
16.O-O-O Bf6 17.Bg5 e5 18.Bxf6 Nxf6 19.dxe5 Rxe5 20.Rhe1 Qc7 21.Bd3 Rae8
22.Bc2 Qe7 23.Kb1 Qc7 24.g4 R5e7 25.g5 Nd7 26.h5 gxh5 27.g6 Nf8 28.gxf7+ Rxf7
29.e4 Qg3 30.Qb4 Qxf3 31.Bb3 Rf4 32.Qxb7 Rfxe4 33.Rf1 Qg3 34.Qf7+ Kh8 35.Qxh5+ Kg8
36.Qf7+ Kh8 37.Rh1+ Nh7 38.Qh5  1-0

[Event "VIII Governor's Cup"]
[Site "Khanty-Mansiysk RUS"]
[Date "2012.11.23"]
[Round "9.11"]
[White "Akselrod,V"]
[Black "Iskusnyh,S"]
[Result "0-1"]
[WhiteElo "2402"]
[BlackElo "2495"]

1.d4 d5 2.Nf3 Nf6 3.c4 c6 4.Nc3 a6 5.a4 e6 6.g3 dxc4 7.Bg2 c5 8.O-O Nc6 9.Ne5 Na5
10.Be3 Bd6 11.f4 Qc7 12.d5 O-O 13.Bf2 exd5 14.Nxd5 Nxd5 15.Bxd5 Bxe5 16.fxe5 Bh3
17.Re1 Qxe5 18.e4 Nb3 19.Rb1 Rad8 20.Qc2 b5 21.Be3 Rxd5 22.exd5 Bf5 23.Qf2 Bxb1
24.Bxc5 Be4 25.Bxf8 Kxf8 26.d6 Nc5 27.axb5 axb5 28.Rd1 Bc6 29.d7 Nxd7 30.Rd4 Nc5
31.Rf4 Qd5 32.Rxf7+ Ke8 33.Rf8+ Ke7  0-1

[Event "XXVI Belgrade Trophy 2012"]
[Site "Belgrade SRB"]
[Date "2012.11.28"]
[Round "5.16"]
[White "Ratkovic,Milov"]
[Black "Lukovic,V"]
[Result "1/2-1/2"]
[WhiteElo "2304"]
[BlackElo "2352"]

1.d4 d5 2.c4 c6 3.Nc3 Nf6 4.Nf3 a6 5.cxd5 cxd5 6.Bf4 Nc6 7.Rc1 Bf5 8.e3 Rc8
9.Be2 e6 10.O-O Bd6 11.Bxd6 Qxd6 12.Na4 Nd7 13.Qb3 Rc7 14.Nc5 Nxc5 15.Rxc5 Bg4
16.Rfc1 Bxf3 17.Bxf3 Ke7 18.e4 dxe4 19.Bxe4 Qxd4 20.R5c4 Qd6 21.Rd1 Na5 22.Rxc7+ Qxc7
23.Qa3+ Kf6 24.b4 Nc6 25.Qc3+ e5 26.Bd5 g6 27.f4 Qb6+ 28.Kh1 Qxb4 29.fxe5+ Kg7
30.Qa1 Ne7 31.Bxf7 Rc8 32.Be6 Rc6 33.Bd5 Nxd5 34.Rxd5 Kh6 35.h3 Qf4 36.Rd1 Rc2
37.Rg1 Re2 38.e6 Rxe6 39.Rf1 Qe5 40.Qc1+ Qg5 41.Qb2 b5 42.Qh8 Qe7 43.Qc3 Re2
44.Qg3 Qe4 45.h4 Qe3 46.Qd6 Re1 47.Qf6 Rxf1+ 48.Qxf1 Kh5 49.Kh2 Kxh4 50.Qf6+ g5
51.Qh6+ Kg4 52.Qxa6 Qe5+ 53.Kg1 h5 54.Qc8+ Qf5 55.Qc3 h4 56.Qh3+ Kf4 57.Qf3+ Ke5
58.Qe3+ Kd5 59.Qd2+ Kc6 60.Qd8 Qc5+ 61.Kh1 Qd5 62.Qc8+ Kb6 63.Qb8+ Kc5 64.Qa7+ Kb4
65.a3+ Kb3 66.Qe3+ Ka4 67.Qe7 Qd2 68.Qa7+ Kb3 69.Qc5 Qe2 70.Qb4+ Kc2 71.a4 Qc4
72.Qxb5  1/2-1/2

[Event "ch-Commonwealth 2012"]
[Site "Chennai IND"]
[Date "2012.12.01"]
[Round "11"]
[White "Swayams,M"]
[Black "Chakravarthi Reddy,M"]
[Result "1-0"]
[WhiteElo "2423"]
[BlackElo "1992"]

1.d4 d5 2.c4 c6 3.Nf3 Nf6 4.Nc3 a6 5.a4 Bf5 6.Qb3 Ra7 7.a5 e6 8.Qb6 Qxb6
9.axb6 Ra8 10.c5 Ne4 11.Nxe4 Bxe4 12.Nd2 Bg6 13.b4 Nd7 14.Nb3 e5 15.e3 exd4
16.exd4 Be7 17.Na5 Bf6 18.Be3 Rb8 19.Be2 O-O 20.Bg4 Rfd8 21.O-O-O Nf8 22.Bf4 Ne6
23.Bxe6 fxe6 24.Bxb8 Rxb8 25.Rhe1 Kf7 26.Re2 h5 27.Kb2 h4 28.f3 Bh5 29.Kc3 g5
30.Rde1 g4 31.Rxe6 h3 32.fxg4 Bxg4 33.R6e3 hxg2 34.Rg1  1-0

[Event "TCh-CZE Extraliga 2012-13"]
[Site "Czech Republic CZE"]
[Date "2012.12.01"]
[Round "3.6"]
[White "Bernasek,J"]
[Black "Neuman,P"]
[Result "1-0"]
[WhiteElo "2506"]
[BlackElo "2471"]

1.d4 d5 2.c4 c6 3.Nf3 Nf6 4.Nc3 a6 5.e3 b5 6.b3 Bg4 7.Be2 e6 8.O-O Nbd7 9.h3 Bh5
10.Bb2 Bd6 11.c5 Bxf3 12.Bxf3 Bc7 13.Re1 O-O 14.a3 e5 15.dxe5 Nxe5 16.Be2 Qe7
17.Rc1 Rad8 18.Bf1 Ned7 19.Ne2 Nxc5 20.Nd4 Qd6 21.f4 Rc8 22.Nf5 Qd7 23.Nxg7 Nce4
24.Nh5 Nxh5 25.Qxh5 Bd8 26.Bd3 Re8 27.Rf1 f5 28.Bxe4 fxe4 29.f5 Qf7 30.Qh6 Qf8
31.Qh5 Bf6 32.Bxf6 Qxf6 33.Rxc6 Qxc6 34.f6 Kh8 35.f7 Re7 36.Qg5 Rxf7 37.Rxf7 Qg6
38.Qe5+ Kg8 39.Rf6 Qe8 40.Re6 Qf7 41.Re7  1-0

[Event "4th London Classic Open"]
[Site "London ENG"]
[Date "2012.12.08"]
[Round "8"]
[White "Fayard,A"]
[Black "Fontaine,O"]
[Result "1/2-1/2"]
[WhiteElo "2202"]
[BlackElo "1904"]

1.d4 d5 2.c4 c6 3.Nc3 Nf6 4.Nf3 a6 5.c5 Bf5 6.Qb3 Qc8 7.Nh4 Bg4 8.h3 Bh5
9.Bf4 e6 10.g4 Bg6 11.Bg2 Nbd7 12.Nf3 Be7 13.Na4 Bd8 14.O-O O-O 15.Ne5 Nxe5
16.Bxe5 Nd7 17.Bd6 Re8 18.Qg3 Bf6 19.e3 Qd8 20.f4 Be7 21.Bxe7 Qxe7 22.Nc3 b5
23.cxb6 Nxb6 24.f5 exf5 25.gxf5 Bh5 26.Rae1 Nc4 27.e4 Nd2 28.Rf4 f6 29.e5 fxe5
30.dxe5 Kh8 31.Kh2 Nc4 32.Rxc4 dxc4 33.Bxc6 Rab8 34.Bxe8 Rxb2+ 35.Kg1 Bxe8
36.Re2 Rxe2 37.Nxe2 Qb4 38.Nc3 Qc5+ 39.Kh2 Qd4 40.Ne2 Qd3 41.Qf2 c3 42.f6 gxf6
43.Qxf6+ Kg8 44.Qe6+  1/2-1/2

[Event "TCh-CZE Div1 Vychod 2012-13"]
[Site "Czech Republic CZE"]
[Date "2012.12.09"]
[Round "4.5"]
[White "Sobek,J"]
[Black "Kulovana,E"]
[Result "1-0"]
[WhiteElo "2283"]
[BlackElo "2251"]

1.d4 d5 2.c4 c6 3.Nf3 Nf6 4.Nc3 a6 5.c5 g6 6.Bf4 Nh5 7.Bd2 Bg7 8.e3 O-O 9.Be2 Nf6
10.O-O Nbd7 11.Qb3 Qc7 12.Na4 Ne4 13.Be1 Rb8 14.Nd2 Nxd2 15.Bxd2 e5 16.Bc3 f5
17.Rad1 e4 18.f3 Nf6 19.Be1 Bh6 20.Bg3 f4 21.exf4 Bxf4 22.Bxf4 Qxf4 23.fxe4 Qxe4
24.Qg3 Bf5 25.Nc3 Qe6 26.Rde1 Qd7 27.Bd3 Ne4 28.Nxe4 dxe4 29.Bc4+ Be6 30.Rxf8+ Rxf8
31.Bxe6+ Qxe6 32.Qb3 Qxb3 33.axb3 Rf4 34.Re3 Kf7 35.g3 Rg4 36.Kf2 Ke6 37.h3 Rg5
38.Rxe4+ Kd5 39.Rf4 a5 40.g4 h5 41.Ke3 Ke6 42.Ke4 Rd5 43.Kd3 hxg4 44.hxg4 Ke7
45.Kc4 Rd8 46.b4 axb4 47.Kxb4 Rh8 48.Ka5 Rh3 49.b4 Rb3 50.Re4+ Kd7 51.g5 Kc7
52.Re7+ Kc8 53.Ka4 Rg3 54.Re5 Rd3 55.d5 cxd5 56.Kb5 Rd4 57.Re6 Rg4 58.Rxg6 Kc7
59.Rg7+ Kb8 60.Rg8+ Ka7 61.Rg7 Kb8 62.g6 Kc8 63.c6 bxc6+ 64.Kxc6 Kb8 65.b5 Rf4
66.Kxd5 Rf5+ 67.Kc6 Rf6+ 68.Kc5 Re6 69.Kb4 Rf6 70.Ka5 Re6 71.b6 Re1 72.Rf7  1-0

[Event "4th London Classic Open"]
[Site "London ENG"]
[Date "2012.12.09"]
[Round "9"]
[White "Ociepka,A"]
[Black "Berry,N"]
[Result "1/2-1/2"]
[WhiteElo "2143"]
[BlackElo "2247"]

1.d4 d5 2.c4 c6 3.Nf3 Nf6 4.Nc3 a6 5.g3 dxc4 6.a4 e6 7.Bg2 c5 8.O-O Nc6 9.dxc5 Qxd1
10.Nxd1 Bxc5 11.Ne3 O-O 12.Nxc4 Bd7 13.Bf4 Nd5 14.Bd6 Bxd6 15.Nxd6 Rab8 16.Rfd1 Rfd8
17.e3 Be8 18.Nxe8 Rxe8 19.Nd4 Nce7 20.Rdc1 Rec8 21.Kf1 Kf8 22.Ke2 Nc6 23.Bxd5 Nxd4+
24.exd4 exd5 25.Kd3 Ke7 26.b4  1/2-1/2

[Event "4th Penang Heritage City Open"]
[Site "Penang MAS"]
[Date "2012.12.13"]
[Round "5.7"]
[White "Olay,E"]
[Black "Yu,Chaojie"]
[Result "1-0"]
[WhiteElo "2355"]
[BlackElo "2128"]

1.d4 d5 2.c4 c6 3.Nf3 Nf6 4.Nc3 a6 5.c5 Nbd7 6.Bf4 Nh5 7.Bd2 g6 8.e4 dxe4
9.Nxe4 Bg7 10.Bc4 O-O 11.O-O Ndf6 12.Nc3 Bg4 13.Be3 Nd5 14.Nxd5 cxd5 15.Be2 Nf6
16.b4 Qc7 17.h3 Bxf3 18.Bxf3 Rad8 19.Rb1 e5 20.dxe5 Ne4 21.Bd4 Bxe5 22.Rb3 f5
23.Rd3 Rd7 24.Qb3 Rfd8 25.Rc1 Kg7 26.Rcd1 Bxd4 27.Rxd4 Qc6 28.a3 a5 29.Qe3 axb4
30.axb4 h6 31.Be2 Nf6 32.Rc1 Re8 33.Qd3 Re4 34.b5 Qe6 35.Rxe4 Qxe4 36.Qd2 Qe5
37.b6 Ne4 38.Qc2 Re7 39.Ba6 Nxc5 40.Qxc5 bxa6 41.Qxe7+  1-0

[Event "III ITT JAHV McGREGOR"]
[Site "Bogota COL"]
[Date "2012.12.14"]
[Round "4.38"]
[White "Narvaez,F"]
[Black "Cruz Sanabria,Linci Yobani"]
[Result "1-0"]
[WhiteElo "2156"]
[BlackElo "1980"]

1.d4 c6 2.c4 d5 3.Nc3 Nf6 4.Nf3 a6 5.Qb3 g6 6.Bg5 e6 7.e4 dxe4 8.Nxe4 Qa5+
9.Bd2 Qd8 10.Nxf6+ Qxf6 11.Bg5 Qg7 12.Be2 Bd6 13.O-O O-O 14.Qe3 Re8 15.c5 Bc7
16.Nd2 e5 17.Bh6 Qh8 18.f4 Nd7 19.fxe5 Nf8 20.Ne4 Bd8 21.Rxf7 Kxf7 22.Rf1+ Ke7
23.Qb3 Ne6 24.Nd6 Qg8 25.Bg4 g5 26.Bxe6 Bxe6 27.Qxb7+ Bd7 28.Bxg5+ Qxg5 29.Rf7+ Ke6
30.Qb3+  1-0

[Event "III ITT JAHV McGREGOR"]
[Site "Bogota COL"]
[Date "2012.12.14"]
[Round "5.87"]
[White "Rubio Melo,H"]
[Black "Chong Chinchay,Eric Joel"]
[Result "0-1"]
[WhiteElo "1817"]
[BlackElo "1977"]

1.d4 d5 2.c4 c6 3.Nf3 Nf6 4.Nc3 a6 5.cxd5 cxd5 6.g3 Nc6 7.Bg2 Bf5 8.Nh4 Bg4
9.h3 Be6 10.O-O Qd7 11.Kh2 g6 12.Be3 h6 13.Qd2 Bg7 14.Rad1 g5 15.Nf3 Ne4
16.Nxe4 dxe4 17.Ng1 Bd5 18.f3 exf3 19.exf3 O-O-O 20.Ne2 e6 21.b3 f5 22.Nc3 f4
23.gxf4 gxf4 24.Bxf4 Rdf8 25.Nxd5 Qxd5 26.Bg3 Rhg8 27.f4 Qd7 28.d5 exd5 29.Qxd5 Qxd5
30.Bxd5 Rh8 31.Be6+ Kb8 32.f5+ Ka8 33.Rd5 Bf6 34.Rfd1 Rd8 35.Rxd8+ Nxd8 36.Bd7 Rh7
37.Kg2 Re7 38.Kf3 Nf7 39.Be6 Ng5+ 40.Kf4 Nxe6+ 41.fxe6 Rxe6 42.Kf5 Re3 43.Bf4 Rf3
44.Kg4 Rf2 45.Rd2 Rxf4+ 46.Kxf4 Bg5+ 47.Kf3 Bxd2  0-1

[Event "TCh-NED Meesterklasse 2012-13"]
[Site "Netherland NED"]
[Date "2012.12.15"]
[Round "5.10"]
[White "Van der Heijden,T"]
[Black "Driessens,P"]
[Result "1/2-1/2"]
[WhiteElo "2285"]
[BlackElo "2342"]

1.d4 d5 2.c4 c6 3.Nf3 Nf6 4.Nc3 a6 5.e3 g6 6.Be2 Bg7 7.O-O O-O 8.b3 c5 9.dxc5 Qa5
10.Na4 Ne4 11.Qxd5 Bxa1 12.Qxe4 Bf6 13.Bd2 Qd8 14.Nb6 Ra7 15.Nd5 Nd7 16.Nxf6+ Nxf6
17.Qf4 Nd7 18.Bc3 f6 19.Qd4 Qc7 20.b4 Rf7 21.Nd2 a5 22.a3 axb4 23.axb4 Ra2
24.Bf3 Ne5 25.Bd5 e6 26.f4 Nc6 27.Bxc6 Qxc6 28.Ne4 Rd7 29.Qxf6 Qxe4 30.Qh8+ Kf7
31.Qf6+ Kg8 32.Qh8+ Kf7 33.Qf6+  1/2-1/2

[Event "6th Augusta Aragon Open"]
[Site "Zaragoza ESP"]
[Date "2012.12.23"]
[Round "3.2"]
[White "Mirzoev,A"]
[Black "Romon Poves,R"]
[Result "1-0"]
[WhiteElo "2553"]
[BlackElo "2299"]

1.d4 d5 2.c4 c6 3.Nc3 Nf6 4.Nf3 a6 5.a4 e6 6.g3 dxc4 7.Bg2 c5 8.O-O Nc6 9.Ne5 Bd7
10.Be3 cxd4 11.Bxd4 Nxe5 12.Bxe5 Bc6 13.Bxc6+ bxc6 14.Qxd8+ Rxd8 15.Rfd1 Bc5
16.Rxd8+ Kxd8 17.e3 Ke7 18.Rc1 Bd6 19.Bxf6+ gxf6 20.Ne4 Rb8 21.Rxc4 c5 22.Nxc5 Rc8
23.b4 a5 24.Rc1 axb4 25.Nb3 Rc3 26.Rxc3 bxc3 27.Kf1 Ba3 28.Ke2 Kd6 29.Kd3 Bb2
30.g4 h6 31.h4 e5 32.h5 Kd5 33.f3 Kc6 34.Kc2 Kb6 35.f4 Kc6 36.fxe5 fxe5 37.g5 Ba3
38.gxh6 Bf8 39.h7 Bg7 40.h6 Bh8 41.Kxc3 f5 42.Kc4 Bf6 43.Nc5 f4 44.e4 Bh8
45.Nd3 f3 46.Nf2 Bf6 47.Kd3 Kc5 48.Ke3 Kb4 49.Kxf3 Kxa4 50.Kg4 Kb4 51.Kf5 Bh8
52.Nh3  1-0

[Event "21st Donau Open 2012"]
[Site "Aschach AUT"]
[Date "2012.12.26"]
[Round "1"]
[White "Koller,Hans-Juergen"]
[Black "Buhmann,R"]
[Result "0-1"]
[WhiteElo "2069"]
[BlackElo "2598"]

1.d4 d5 2.c4 c6 3.Nf3 Nf6 4.Nc3 a6 5.c5 g6 6.g3 Bg7 7.Bg2 O-O 8.O-O Nbd7
9.Re1 Re8 10.e4 Nxe4 11.Nxe4 dxe4 12.Ng5 Nf6 13.Be3 Qd5 14.Qc2 Bf5 15.Bf4 h6
16.Nxe4 Nxe4 17.Bxe4 Bxe4 18.Qxe4 Qxd4 19.Qxd4 Bxd4 20.Bxh6 Bxc5 21.Be3 Bxe3
22.Rxe3 Rad8 23.Rb3 Rd7 24.a4 Red8 25.Kg2 Rc7 26.a5 Rd5 27.Ra4 Rcd7 28.Rab4 Rb5
29.Rxb5 cxb5 30.Re3 e6 31.Re4 Rd3 32.b4 Kf8 33.g4 Ke7 34.h4 f5 35.gxf5 gxf5
36.Re3 Rd4 37.h5 Rxb4 38.Kh3 Rg4 39.Rc3 Kf6 40.f3 Rc4 41.Rd3 Kg5  0-1

[Event "5th Marseille Open"]
[Site "Marseille FRA"]
[Date "2012.12.26"]
[Round "2.3"]
[White "Nikolov,Mo"]
[Black "Malassagne,R"]
[Result "1-0"]
[WhiteElo "2542"]
[BlackElo "2104"]

1.d4 d5 2.c4 c6 3.Nf3 Nf6 4.Nc3 a6 5.a4 g6 6.Bf4 Bg7 7.e3 O-O 8.Qb3 b6 9.Be2 e6
10.O-O Nbd7 11.Rac1 Ra7 12.Rc2 Bb7 13.cxd5 exd5 14.Ne5 Nxe5 15.Bxe5 Ne4 16.Nxe4 Bxe5
17.dxe5 dxe4 18.Rd1 Qc7 19.e6 Bc8 20.exf7+ Kg7 21.Bc4 Bg4 22.Rd4 b5 23.Rxe4 bxc4
24.Qc3+  1-0

[Event "21st Donau Open 2012"]
[Site "Aschach AUT"]
[Date "2012.12.27"]
[Round "3"]
[White "Reinwald,P"]
[Black "Wallner,J"]
[Result "0-1"]
[WhiteElo "2180"]
[BlackElo "2373"]

1.d4 d5 2.c4 c6 3.Nf3 Nf6 4.Nc3 a6 5.c5 Nbd7 6.Bf4 Nh5 7.Qd2 Nxf4 8.Qxf4 g6
9.e4 Nf6 10.exd5 Nxd5 11.Nxd5 Qxd5 12.Ne5 Bg7 13.Bc4 Bxe5 14.dxe5 g5 15.Bxd5 gxf4
16.Bc4 Rg8 17.g3 Bg4 18.f3 Bh3 19.Kf2 Rg5 20.Rhe1 O-O-O 21.Re2 Rd4 22.Rc1 e6
23.b4 h5 24.a4 fxg3+ 25.hxg3 h4 26.g4 Bxg4 27.fxg4 Rgxg4 28.Rec2 Rdf4+ 29.Ke2 h3
30.b5 axb5 31.axb5 h2 32.Ra1 Rxc4 33.Ra8+ Kd7 34.Rd2+ Rcd4  0-1

[Event "XLII Rilton Cup"]
[Site "Stockholm SWE"]
[Date "2012.12.27"]
[Round "1.26"]
[White "Ornstein,A"]
[Black "Norlin,Egor"]
[Result "0-1"]
[WhiteElo "2361"]
[BlackElo "2112"]

1.d4 d5 2.c4 c6 3.Nf3 Nf6 4.Nc3 a6 5.cxd5 cxd5 6.Bf4 Bf5 7.Qb3 b5 8.e3 Nc6
9.Ne5 Na5 10.Qd1 e6 11.Nxb5 Qb6 12.Qa4 axb5 13.Bxb5+ Ke7 14.Rc1 Ra7 15.b4 Rb7
16.bxa5 Qxb5 17.Rc7+ Ke8 18.Rc8+ Ke7 19.Qa3+ Qb4+ 20.Qxb4+ Rxb4 21.Nc6+ Kd7
22.Rd8+  0-1

[Event "36th Zurich Christmas Open"]
[Site "Zuerich SUI"]
[Date "2012.12.29"]
[Round "5.16"]
[White "Zude,A"]
[Black "Dolgova,O"]
[Result "1/2-1/2"]
[WhiteElo "2467"]
[BlackElo "2227"]

1.d4 d5 2.c4 c6 3.Nf3 Nf6 4.Nc3 a6 5.a4 e6 6.g3 Be7 7.Bg2 O-O 8.O-O Nbd7
9.a5 Bb4 10.Bd2 dxc4 11.Qa4 Qe7 12.Ne4 Bxd2 13.Nfxd2 e5 14.Qxc4 Nxe4 15.Nxe4 Nf6
16.dxe5 Qxe5 17.Nxf6+ Qxf6 18.Qb4 Re8 19.e3 Re5 20.Rfd1 Rb5 21.Qc3 Qe7 22.Bf1 Rb4
23.Bc4 Be6 24.Bxe6 fxe6 25.Rd2 Rb5 26.Rad1 Rd5 27.e4 Rxd2 28.Qxd2 Rf8 29.Qc3  1/2-1/2

[Event "XLII Rilton Cup"]
[Site "Stockholm SWE"]
[Date "2013.01.01"]
[Round "5.26"]
[White "Olund,Joar"]
[Black "Henriksson,Jo"]
[Result "1-0"]
[WhiteElo "2193"]
[BlackElo "2270"]

1.d4 d5 2.c4 c6 3.Nf3 Nf6 4.Nc3 a6 5.c5 e6 6.Bf4 b6 7.cxb6 Qxb6 8.Qc2 Ne4
9.Nxe4 dxe4 10.Nd2 Qxd4 11.O-O-O f5 12.Nc4 Qa7 13.g4 Nd7 14.gxf5 exf5 15.e3 Be7
16.Nd6+ Bxd6 17.Bxd6 Nf6 18.Bc4 Nd5 19.Rxd5 cxd5 20.Bxd5 Bd7 21.Bxa8 Qxa8
22.Rg1 g6 23.Qc3 Qc6 24.Bc5 Rg8 25.Rd1 Qb5 26.a4 Qb7 27.Qf6  1-0

[Event "25th Staufer Open"]
[Site "Schwaebisch Gmuend GER"]
[Date "2013.01.03"]
[Round "4.1"]
[White "Jurek,J"]
[Black "Buhmann,R"]
[Result "0-1"]
[WhiteElo "2325"]
[BlackElo "2598"]

1.d4 d5 2.c4 c6 3.Nf3 Nf6 4.Nc3 a6 5.a4 e6 6.g3 a5 7.Bg2 Be7 8.O-O O-O 9.b3 Na6
10.Bb2 Nb4 11.Ne5 b6 12.e4 Bb7 13.Qe2 Rc8 14.Rfd1 Ba6 15.Rac1 Nd7 16.Nxd7 Qxd7
17.Bf1 Rfd8 18.Qg4 dxe4 19.Qxe4 Bg5 20.Rb1 f5 21.Qf3 Bf6 22.d5 cxd5 23.cxd5 Bxf1
24.dxe6 Qxe6 25.Kxf1 Qxb3 26.Kg2 Rxd1 27.Nxd1 Qxf3+ 28.Kxf3 Kf7 29.Ne3 Bxb2
30.Rxb2 Ke6 31.Rd2 g6 32.h4 h6 33.Kf4 Rc3 34.Rd8 Nd3+ 35.Kf3 Nc5 36.Kg2 Nxa4
37.Nd5 Rc6 38.Nf4+ Ke5 39.Rg8 g5 40.hxg5 hxg5 41.Rxg5 Nc5 42.Ne2 a4 43.g4 Rf6
44.Rh5 b5 45.f4+ Kd5 46.Ng3 Ne6 47.Rxf5+ Rxf5 48.Nxf5 Nd4 49.Ne3+ Ke4 50.Kf2 a3  0-1

[Event "XLII Rilton Cup"]
[Site "Stockholm SWE"]
[Date "2013.01.03"]
[Round "7.24"]
[White "Andersson,G2"]
[Black "Henriksson,Jo"]
[Result "1/2-1/2"]
[WhiteElo "2201"]
[BlackElo "2270"]

1.d4 d5 2.c4 c6 3.Nf3 Nf6 4.Nc3 a6 5.a4 e6 6.g3 dxc4 7.Bg2 c5 8.O-O Nc6 9.dxc5 Qxd1
10.Nxd1 Bxc5 11.Be3 Bxe3 12.Nxe3 Na5 13.Ne5 Rb8 14.N3xc4 Nxc4 15.Nxc4 Ke7
16.Rfc1 Rd8 17.Nb6 Nd5 18.Bxd5 exd5 19.Rc7+ Ke8 20.Rd1 Be6 21.e3 Rd6 22.a5 Rc6
23.Rc1 Rxc1+ 24.Rxc1 Rd8 25.Rd1 Ke7 26.f3 Rd6 27.Kf2 Rc6 28.Ke2 Rc5 29.b4 Rc2+
30.Rd2 Rc1 31.Nxd5+ Bxd5 32.Rxd5 Rb1 33.Rh5 Rxb4 34.Rxh7 Rb5 35.Rxg7 Rxa5
36.h4 b5 37.Rg8 Ra2+ 38.Kd3 b4 39.Rb8 a5 40.h5 Kf6 41.g4 Rb2 42.Ra8 Ra2 43.Kc4 Ra3
44.f4 Rxe3 45.g5+ Kg7 46.Kd4 Rf3 47.Ke5 Re3+ 48.Kf5 Re7 49.h6+ Kh7 50.Kf6 Rb7
51.Rxa5 b3 52.Ra1 b2 53.Rb1 Kg8 54.Ke5 Rb5+ 55.Kd4 Rb4+ 56.Kc3 Rxf4 57.Rxb2 Rg4
58.Rb5 Kh7 59.Kd3 Kg6 60.Ke3 Rh4 61.Kf3 f6 62.gxf6 Kxf6  1/2-1/2